FAR/AIM Aircraft Inspections - Statistics

General Stats
  • This quiz has been taken 13 times
  • The average score is 13 of 19
Answer Stats
Hint What? % Correct
1 100 Hour
100%
100 Hours
100%
12 Calendar months
100%
24 Calendar months
100%
30 Days
100%
A Annual
100%
E ELT
100%
T Transponder
100%
V VOR Inspection
100%
Yearly
100%
24 Calendar months
50%
39.13
50%
91.411
50%
A Airworthiness Directives
50%
S Static Systems & Altimeter
50%
91.171
0%
91.207
0%
91.409
0%
91.413
0%
No matching quizzes found
Score Distribution
Percent of People with Each Score
Percentile by Number Answered
Your Score History
You have not taken this quiz